[Event "Gibraltar Masters 17th"]
[Site "Gibraltar"]
[Date "2019.01.23"]
[Round "2.55"]
[White "Matlakov, Maxim"]
[Black "Blesic, Vaso"]
[Result "1/2-1/2"]
[WhiteElo "2700"]
[BlackElo "2390"]
[PlyCount "61"]
[EventDate "2019.01.22"]
[EventType "swiss"]
[EventRounds "10"]
[EventCountry "GGB"]

1. d4 Nf6 2. c4 e6 3. g3 Bb4+ 4. Nd2 O-O 5. Bg2 d5 6. Ngf3 dxc4 7. Qc2 a6 8.
Qxc4 Be7 9. Qc2 Nc6 10. e3 Nb4 11. Qb1 c5 12. a3 Nc6 13. dxc5 Bxc5 14. b4 Be7
15. Bb2 Bd7 16. O-O Qc7 17. Rc1 Rfd8 18. Ne5 Be8 19. Nxc6 Bxc6 20. Bxc6 bxc6
21. Nb3 Qd7 22. Rc4 a5 23. Rd4 Qc7 24. Nxa5 c5 25. Qc2 Nd5 26. Rg4 Bf8 27. Rc4
Qd7 28. Rd1 Qb5 29. a4 Qa6 30. Rh4 h6 31. Nc4 1/2-1/2

[Event "Gibraltar Masters 17th"]
[Site "Gibraltar"]
[Date "2019.01.23"]
[Round "2.79"]
[White "Sanchez Jerez, Emilio Miguel"]
[Black "Pigott, John C"]
[Result "1-0"]
[WhiteElo "2183"]
[BlackElo "2387"]
[PlyCount "75"]
[EventDate "2019.01.22"]
[EventType "swiss"]
[EventRounds "10"]
[EventCountry "GGB"]

1. e4 d6 2. d4 Nf6 3. f3 c5 4. dxc5 Qa5+ 5. Nc3 Qxc5 6. Qe2 a6 7. Be3 Qa5 8.
Qf2 Nbd7 9. Bc4 b5 10. Bb3 Bb7 11. Nge2 e6 12. O-O Be7 13. Qg3 O-O 14. Bh6 Ne8
15. Bg5 Nef6 16. Bh6 Ne8 17. Bg5 Bxg5 18. Qxg5 Nc5 19. Qe3 b4 20. Nd1 Nf6 21.
Nf2 d5 22. Nd3 Nxb3 23. axb3 Qc7 24. e5 Nd7 25. f4 a5 26. f5 Ba6 27. Nef4 exf5
28. Nxd5 Qxc2 29. Rad1 Bxd3 30. Rxd3 Nxe5 31. Rd2 Qe4 32. Qg3 Ng6 33. Re1 Qg4
34. Qf2 Rae8 35. Ne3 Qf4 36. Rdd1 Re5 37. Nc4 Rc5 38. Qxc5 1-0

[Event "Gibraltar Masters 17th"]
[Site "Gibraltar"]
[Date "2019.01.24"]
[Round "3.82"]
[White "Wemmers, Xander"]
[Black "De Seroux, Camille"]
[Result "1-0"]
[WhiteElo "2418"]
[BlackElo "2145"]
[PlyCount "53"]
[EventDate "2019.01.22"]
[EventType "swiss"]
[EventRounds "10"]
[EventCountry "GGB"]

1. d4 Nf6 2. c4 e6 3. Nc3 Bb4 4. e3 O-O 5. Bd3 c5 6. Nge2 cxd4 7. exd4 d5 8.
cxd5 Nxd5 9. O-O Nc6 10. Bc2 Bd6 11. a3 Nxc3 12. bxc3 Qc7 13. Qd3 g6 14. Bh6
Re8 15. Ng3 Bf4 16. Bxf4 Qxf4 17. Rfe1 Bd7 18. Ne4 Red8 19. Re3 Be8 20. Rf3 Qc7
21. Nf6+ Kg7 22. Qe4 Ne7 23. Qh4 Nf5 24. Bxf5 exf5 25. Nxh7 Rd6 26. Rh3 Bc6 27.
Qh6+ 1-0

[Event "Gibraltar Masters 17th"]
[Site "Gibraltar"]
[Date "2019.01.24"]
[Round "3.95"]
[White "Osuna Vega, Enrique"]
[Black "Stijve, Theo"]
[Result "1/2-1/2"]
[WhiteElo "2116"]
[BlackElo "2339"]
[PlyCount "134"]
[EventDate "2019.01.22"]
[EventType "swiss"]
[EventRounds "10"]
[EventCountry "GGB"]

1. d4 Nf6 2. Nf3 d5 3. c4 e6 4. Nc3 Be7 5. Bf4 O-O 6. e3 Nbd7 7. Bd3 dxc4 8.
Bxc4 a6 9. h3 b5 10. Bd3 Bb7 11. a3 c5 12. O-O Rc8 13. Bh2 Qb6 14. Qe2 Rfd8 15.
dxc5 Nxc5 16. Bc2 Nd5 17. Be5 f6 18. e4 Nc7 19. Bd4 e5 20. Be3 Qe6 21. Rad1 Na8
22. Rxd8+ Rxd8 23. Rd1 Rxd1+ 24. Qxd1 Qd6 25. Qxd6 Bxd6 26. b4 Ne6 27. Bb3 Nac7
28. Nd2 Kf8 29. f3 Ke7 30. Ndb1 g5 31. Ne2 h5 32. Kf2 Ne8 33. Nbc3 N8c7 34. Bb6
h4 35. Ke3 Kd7 36. Kd3 Ke7 37. Nd1 Na8 38. Bf2 a5 39. Ne3 axb4 40. Nf5+ Kd7 41.
Nxd6 Kxd6 42. Bxe6 Kxe6 43. axb4 Nc7 44. g4 Kf7 45. Nc1 Bc8 46. Nb3 Be6 47. Nd2
Ke8 48. Kc3 Kd7 49. Be3 Kc6 50. Bc5 Bf7 51. Be7 Ne8 52. Kd3 Kd7 53. Bf8 Nc7 54.
Bc5 Ba2 55. Kc3 Ne6 56. Be3 Kc6 57. Kd3 Nc7 58. Bc5 Ne8 59. Kc3 Kd7 60. Bf8 Nc7
61. Bc5 Ne6 62. Be3 Nd8 63. Kb2 Bg8 64. Kc3 Nb7 65. Bf2 Kc6 66. Be3 Ba2 67. Bf2
Kd7 1/2-1/2

[Event "Gibraltar Masters 17th"]
[Site "Gibraltar"]
[Date "2019.01.27"]
[Round "6.78"]
[White "Lane, Gary W"]
[Black "Smith, Andrew Philip"]
[Result "1-0"]
[WhiteElo "2358"]
[BlackElo "2167"]
[PlyCount "73"]
[EventDate "2019.01.22"]
[EventType "swiss"]
[EventRounds "10"]
[EventCountry "GGB"]

1. e4 e6 2. d4 d5 3. Nd2 c5 4. exd5 exd5 5. Ngf3 Nc6 6. Bb5 Bd6 7. dxc5 Bxc5 8.
Nb3 Bd6 9. O-O Nge7 10. c3 O-O 11. Bd3 h6 12. h3 Bc7 13. Re1 Qd6 14. Be3 Rd8
15. Nbd4 a6 16. Bc2 Ng6 17. Qd3 Qf6 18. Rad1 Nce7 19. Rd2 Bd7 20. a4 Re8 21.
Rde2 Rad8 22. Bc1 Bd6 23. b4 Kf8 24. Qd1 Rc8 25. Bd2 Rc7 26. Bxg6 Nxg6 27.
Rxe8+ Bxe8 28. Qb3 Rc4 29. Be3 Nh4 30. Nxh4 Qxh4 31. Nf5 Qf6 32. Nxd6 Qxd6 33.
Bc5 Rxc5 34. bxc5 Qxc5 35. Qxb7 g6 36. Qxa6 Bd7 37. Qf6 1-0

[Event "Gibraltar Masters 17th"]
[Site "Gibraltar"]
[Date "2019.01.28"]
[Round "7.50"]
[White "Hedman, Erik"]
[Black "Sosa, Tomas"]
[Result "0-1"]
[WhiteElo "2378"]
[BlackElo "2499"]
[PlyCount "78"]
[EventDate "2019.01.22"]
[EventType "swiss"]
[EventRounds "10"]
[EventCountry "GGB"]

1. d4 b6 2. e4 Bb7 3. Bd3 e6 4. c4 Bb4+ 5. Kf1 Be7 6. Nc3 d6 7. Nf3 Nf6 8. Be3
c5 9. d5 exd5 10. exd5 Na6 11. h3 Nc7 12. a4 a6 13. b3 b5 14. a5 Rb8 15. Qc2
O-O 16. Re1 Nce8 17. Bd2 g6 18. Ne2 Ng7 19. g4 bxc4 20. bxc4 Nxd5 21. cxd5 Bxd5
22. Kg2 Ne6 23. h4 Bf6 24. Be4 Bb3 25. Qc1 d5 26. Bb1 Ba4 27. Bg5 Rb4 28. Bxf6
Qxf6 29. g5 Qd8 30. Qe3 Bc6 31. Qe5 Re8 32. Qf6 Qxf6 33. gxf6 d4 34. Bd3 c4 35.
Nexd4 Bxf3+ 36. Nxf3 cxd3 37. Kg3 Rf4 38. Ne5 Rxf6 39. Nxd3 Rd8 0-1

[Event "Gibraltar Masters 17th"]
[Site "Gibraltar"]
[Date "2019.01.28"]
[Round "7.92"]
[White "Mannion, Stephen R"]
[Black "Smith, Andrew Philip"]
[Result "1-0"]
[WhiteElo "2293"]
[BlackElo "2167"]
[PlyCount "113"]
[EventDate "2019.01.22"]
[EventType "swiss"]
[EventRounds "10"]
[EventCountry "GGB"]

1. e4 e6 2. d4 d5 3. Nd2 c5 4. exd5 exd5 5. Bb5+ Nc6 6. Ngf3 Bd6 7. dxc5 Bxc5
8. O-O Nge7 9. Nb3 Bd6 10. Re1 O-O 11. Bd3 h6 12. c3 Bg4 13. h3 Bh5 14. Bc2 Qd7
15. Be3 Rad8 16. Nbd4 Bg6 17. Bxg6 Nxg6 18. Qc2 Rfe8 19. Rad1 Re4 20. Nxc6 Qxc6
21. Qb3 b6 22. Nd4 Qd7 23. Qb5 Qxb5 24. Nxb5 Bc5 25. Kf1 f6 26. Nc7 Nf4 27.
Bxf4 Rxf4 28. Re2 Rf5 29. g4 Re5 30. Rxe5 fxe5 31. Nxd5 Rf8 32. Rd2 e4 33. Kg2
Kf7 34. Re2 Re8 35. c4 a5 36. a4 Kg6 37. h4 Rf8 38. b3 Rf3 39. Rxe4 Rxf2+ 40.
Kg3 Rb2 41. Re6+ Kf7 42. Rc6 Rxb3+ 43. Kf4 Rb1 44. Rc7+ Kf8 45. Kf5 Re1 46. g5
hxg5 47. hxg5 Bd4 48. Rc8+ Re8 49. Rxe8+ Kxe8 50. Ke6 Bc5 51. g6 Kd8 52. Kf7
Bd4 53. Nf4 Kd7 54. Ne6 Bc3 55. Nxg7 Bb2 56. Nh5 Bh8 57. Ng7 1-0

[Event "Gibraltar Masters 17th"]
[Site "Gibraltar"]
[Date "2019.01.28"]
[Round "7.99"]
[White "Osuna Vega, Enrique"]
[Black "Priyanka, Nutakki"]
[Result "1-0"]
[WhiteElo "2116"]
[BlackElo "2195"]
[PlyCount "131"]
[EventDate "2019.01.22"]
[EventType "swiss"]
[EventRounds "10"]
[EventCountry "GGB"]

1. e4 e6 2. d4 d5 3. exd5 exd5 4. Nf3 Bd6 5. Bd3 Bg4 6. O-O Ne7 7. Re1 Nbc6 8.
c3 Qd7 9. b4 f6 10. a4 Nd8 11. Nbd2 Nf7 12. Nf1 O-O-O 13. Bb5 c6 14. Be2 Kb8
15. b5 g5 16. c4 c5 17. Ba3 Qc7 18. a5 Nf5 19. b6 Qc8 20. bxa7+ Kxa7 21. Qb3
Kb8 22. a6 Rd7 23. dxc5 Bxc5 24. Bxc5 Qxc5 25. Qa4 Rhd8 26. axb7 Rxb7 27. Reb1
N7d6 28. cxd5 Bxf3 29. Bxf3 Nd4 30. Qa8+ Kc7 31. Rxb7+ Nxb7 32. d6+ Nxd6 33.
Ra7+ Kb6 34. Qxd8+ Kxa7 35. Qxf6 Ka6 36. h3 Ka5 37. Ne3 N6b5 38. Nd5 h6 39.
Qd8+ Ka4 40. Bd1+ Ka3 41. Qa5+ Kb2 42. Qd2+ Ka3 43. Qa5+ Kb2 44. Qd2+ Ka3 45.
Qd3+ Kb2 46. Ne3 Qc3 47. Qxc3+ Kxc3 48. Bh5 Nd6 49. g3 Kb4 50. Kg2 Kc5 51. Bg6
Kc6 52. Ng4 N6f5 53. Bxf5 Nxf5 54. Kf3 Kd6 55. Ne3 Ng7 56. Ke4 Ke6 57. f4 gxf4
58. gxf4 Kf6 59. h4 Ne8 60. f5 Nd6+ 61. Kf4 Nf7 62. Ng4+ Kg7 63. h5 Kh7 64. f6
Kg8 65. Kf5 Kh7 66. Ke6 1-0

[Event "Gibraltar Masters 17th"]
[Site "Gibraltar"]
[Date "2019.01.29"]
[Round "8.58"]
[White "Zanan, Evgeny"]
[Black "Dhulipalla, Bala Chandra Prasad"]
[Result "1-0"]
[WhiteElo "2528"]
[BlackElo "2341"]
[PlyCount "111"]
[EventDate "2019.01.22"]
[EventType "swiss"]
[EventRounds "10"]
[EventCountry "GGB"]

1. e4 e5 2. Nf3 Nc6 3. Bb5 a6 4. Ba4 Nf6 5. O-O Be7 6. Re1 b5 7. Bb3 d6 8. c3
O-O 9. h3 Nb8 10. d4 Nbd7 11. Nbd2 Bb7 12. Bc2 Re8 13. Nf1 Bf8 14. Ng3 g6 15.
b3 a5 16. a4 bxa4 17. bxa4 Nb6 18. Bd3 Qc8 19. Bg5 Bg7 20. Qc1 Ba6 21. Bc2 Nc4
22. Bh6 Bh8 23. Qg5 Rb8 24. Qh4 Rb2 25. Bd1 Rb6 26. Be2 c5 27. d5 Nd7 28. Rf1
Nb2 29. Ng5 Bxe2 30. Nxe2 Nd3 31. f4 Rb2 32. fxe5 N7xe5 33. Ng3 c4 34. Kh2 Qd7
35. Kh1 Nf2+ 36. Kh2 Nfd3 37. Nh1 Re2 38. Rab1 Rc2 39. Bg7 Bxg7 40. Qxh7+ Kf8
41. Ne6+ Rxe6 42. dxe6 Qc7 43. e7+ Kxe7 44. Qxg7 d5 45. Qf6+ Kd7 46. Ng3 dxe4
47. Rb5 Qc6 48. Qxc6+ Kxc6 49. Rf6+ Kd7 50. Nxe4 Ke7 51. Rxa5 Re2 52. Ra7+ Nd7
53. Rd6 N3e5 54. Rdxd7+ Nxd7 55. Nc5 Rd2 56. Kg3 1-0

[Event "Gibraltar Masters 17th"]
[Site "Gibraltar"]
[Date "2019.01.30"]
[Round "9.113"]
[White "Wilson, Matthew R"]
[Black "Baert, Andy"]
[Result "0-1"]
[WhiteElo "1822"]
[BlackElo "2147"]
[PlyCount "59"]
[EventDate "2019.01.22"]
[EventType "swiss"]
[EventRounds "10"]
[EventCountry "GGB"]

1. e4 c5 2. Nf3 d6 3. Bb5+ Nd7 4. c3 Ngf6 5. Qe2 a6 6. Ba4 e5 7. d4 Qc7 8. O-O
Be7 9. Rd1 O-O 10. Bc2 Re8 11. h3 Nf8 12. dxe5 dxe5 13. Nbd2 Ng6 14. Nc4 Be6
15. Bg5 h6 16. Bxf6 Bxf6 17. Ne3 Nf4 18. Qf1 Rad8 19. c4 b5 20. Nd5 Bxd5 21.
cxd5 Be7 22. g3 Ng6 23. a4 Rb8 24. axb5 axb5 25. Ra6 Rb6 26. Rda1 Reb8 27. h4
c4 28. Qh3 Bc5 29. Ra7 Qd8 30. Kg2 0-1

[Event "Gibraltar Masters 17th"]
[Site "Gibraltar"]
[Date "2019.01.31"]
[Round "10.76"]
[White "Arakhamia-Grant, Ketevan"]
[Black "Solozhenkina, Elizaveta"]
[Result "1/2-1/2"]
[WhiteElo "2372"]
[BlackElo "2279"]
[PlyCount "129"]
[EventDate "2019.01.22"]
[EventType "swiss"]
[EventRounds "10"]
[EventCountry "GGB"]

1. e4 c5 2. Nf3 d6 3. Bb5+ Nd7 4. a4 Ngf6 5. Nc3 a6 6. Bc4 b6 7. d4 Bb7 8. d5
g6 9. O-O Bg7 10. Re1 O-O 11. h3 Ne8 12. Bf4 Ne5 13. Nxe5 dxe5 14. Bh2 Nd6 15.
Bf1 Qd7 16. Qe2 Rad8 17. Rad1 Kh8 18. g4 f6 19. Qe3 Nf7 20. f3 Bh6 21. Qf2 Qc7
22. b3 Rg8 23. Kh1 Bf4 24. Bg1 Rc8 25. Ne2 h5 26. gxh5 g5 27. Ng3 Rg7 28. h4
Bxg3 29. Qxg3 Rcg8 30. Bh3 Bc8 31. Bf2 gxh4 32. Qxh4 Bxh3 33. Qxh3 Ng5 34. Qg4
Qd8 35. Be3 Qe8 36. Rd2 Nh7 37. Qh4 Rg3 38. Rf1 Qc8 39. Rh2 a5 40. c4 Qd7 41.
h6 Qe8 42. Qh5 Qxh5 43. Rxh5 Nf8 44. Bg1 Kh7 45. Bh2 Rg2 46. f4 exf4 47. Bxf4
Ng6 48. Bc7 Rg4 49. Rh3 Nh4 50. Bxb6 Nf3 51. Bxc5 Ng5 52. Rh2 Nxe4 53. Bf2 Rf4
54. Rg2 Ng3+ 55. Rxg3 Rxg3 56. Bxg3 Rxf1+ 57. Kg2 Rb1 58. Bc7 Rxb3 59. Bxa5
Rb2+ 60. Kf3 Rc2 61. Bb4 Rxc4 62. Bxe7 Rxa4 63. Bxf6 Kxh6 64. d6 Ra6 65. Be7
1/2-1/2

[Event "Gibraltar Masters 17th"]
[Site "Gibraltar"]
[Date "2019.01.31"]
[Round "10.78"]
[White "Krishna Teja, N."]
[Black "Dolzhikova, Olga"]
[Result "1/2-1/2"]
[WhiteElo "2371"]
[BlackElo "2224"]
[PlyCount "203"]
[EventDate "2019.01.22"]
[EventType "swiss"]
[EventRounds "10"]
[EventCountry "GGB"]

1. d4 e6 2. c4 b6 3. e4 Bb7 4. Bd3 Bb4+ 5. Bd2 Bxd2+ 6. Nxd2 f5 7. Qh5+ g6 8.
Qe2 Nc6 9. Ngf3 Qf6 10. e5 Qg7 11. O-O Nge7 12. Qe3 O-O 13. Nb1 Nb4 14. Nc3
Nxd3 15. Qxd3 g5 16. Rfe1 g4 17. Nh4 Qh6 18. g3 Ng6 19. Nxg6 hxg6 20. d5 Rf7
21. Re2 Rh7 22. f4 gxf3 23. Qxf3 c6 24. dxe6 dxe6 25. Rd1 c5 26. Qf2 Qg7 27.
Rd6 Re8 28. Qe1 Ba8 29. Qf2 Qb7 30. Kf1 Qh1+ 31. Qg1 Qf3+ 32. Ke1 g5 33. Red2
Qg4 34. Rd8 Rhe7 35. Qe3 Kf8 36. Nb5 Bc6 37. Rxe8+ Kxe8 38. Nd6+ Kf8 39. b3 Kg7
40. Nc8 Rc7 41. Rd8 Qe4 42. Qxe4 Bxe4 43. Nd6 Bc6 44. Rc8 Rxc8 45. Nxc8 a6 46.
Nxb6 Kg6 47. Kf2 Kh5 48. Nc8 Kg4 49. a3 a5 50. Na7 Be4 51. Nb5 f4 52. Nd6 Bc2
53. Nb7 Bxb3 54. Nxa5 Ba2 55. Nb7 Kf5 56. Nxc5 Bxc4 57. a4 Kxe5 58. gxf4+ gxf4
59. a5 Kd4 60. Nb7 e5 61. Nd6 Bd3 62. Kf3 Kd5 63. Ne8 Be4+ 64. Kg4 Kd4 65. a6
f3 66. Kg3 Bc6 67. Nd6 Ke3 68. Nf5+ Ke2 69. a7 f2 70. Kg4 f1=Q 71. Ng3+ Kf2 72.
Nxf1 Kxf1 73. h4 e4 74. h5 e3 75. h6 e2 76. h7 e1=Q 77. h8=Q Qe2+ 78. Kg5 Qe3+
79. Kf5 Bd7+ 80. Kg6 Be8+ 81. Kf5 Bd7+ 82. Kg6 Qe4+ 83. Kg7 Qe5+ 84. Kg8 Be6+
85. Kh7 Qh5+ 86. Kg7 Qg5+ 87. Kf8 Qf5+ 88. Ke7 Qf7+ 89. Kd6 Qd7+ 90. Kc5 Qxa7+
91. Kb4 Qb6+ 92. Kc3 Qc5+ 93. Kd2 Qd5+ 94. Kc3 Qa5+ 95. Kd3 Bf5+ 96. Kc4 Be6+
97. Kd3 Qb5+ 98. Kd2 Qe2+ 99. Kc3 Qe1+ 100. Kc2 Bf5+ 101. Kb3 Be6+ 102. Kc2
1/2-1/2

[Event "Gibraltar Masters 17th"]
[Site "Gibraltar"]
[Date "2019.01.31"]
[Round "10.82"]
[White "Weisbuch, Udi"]
[Black "Tate, Alan"]
[Result "1/2-1/2"]
[WhiteElo "2172"]
[BlackElo "2335"]
[PlyCount "60"]
[EventDate "2019.01.22"]
[EventType "swiss"]
[EventRounds "10"]
[EventCountry "GGB"]

1. e4 c5 2. Nf3 d6 3. Bb5+ Nd7 4. d4 Ngf6 5. O-O cxd4 6. Qxd4 a6 7. Bxd7+ Nxd7
8. c4 Qb6 9. Qd3 e6 10. b3 Be7 11. Nc3 O-O 12. Rb1 Qc7 13. Rd1 Ne5 14. Qe3 Bd7
15. Nd4 Rfd8 16. a4 Be8 17. Qg3 Ng6 18. Bb2 Qc5 19. Rbc1 Qh5 20. h3 Qg5 21.
Qxg5 Bxg5 22. Rc2 Rac8 23. Ba3 Be7 24. Rcd2 Bg5 25. Rc2 Be7 26. Rcd2 Bg5 27.
Rc2 Be7 28. Rcd2 Bg5 29. Rc2 Be7 30. Rcd2 Bg5 1/2-1/2

[Event "Gibraltar Masters 17th"]
[Site "Gibraltar"]
[Date "2019.01.31"]
[Round "10.87"]
[White "Repka, Christopher"]
[Black "Koehler, Gerhard"]
[Result "1-0"]
[WhiteElo "2491"]
[BlackElo "2184"]
[PlyCount "129"]
[EventDate "2019.01.22"]
[EventType "swiss"]
[EventRounds "10"]
[EventCountry "GGB"]

1. d4 Nf6 2. Nf3 d6 3. Nc3 g6 4. Bf4 Nh5 5. Bg5 h6 6. Bh4 g5 7. Bg3 Bg7 8. e4
Nc6 9. d5 Nxg3 10. hxg3 Ne5 11. Nd4 c5 12. Nf5 Bxf5 13. exf5 Qb6 14. Bb5+ Nd7
15. O-O O-O-O 16. a4 Qa5 17. Qh5 Rhf8 18. Rae1 Bxc3 19. bxc3 Nf6 20. Qf3 a6 21.
Bc4 Rd7 22. Qd3 Ng4 23. f4 Rg8 24. Bb3 Nf6 25. Re2 Kd8 26. c4 Nh5 27. Re3 Nf6
28. Qe2 Rc7 29. Re1 Rd7 30. c3 Re8 31. fxg5 hxg5 32. g4 Qb6 33. Bd1 Qa5 34. Qa2
Rh8 35. Qf2 Re8 36. Qg3 Kc7 37. Qh2 Kd8 38. Kf1 b5 39. axb5 axb5 40. Qh6 Rg8
41. Rxe7 Rxe7 42. Qxf6 Qc7 43. cxb5 Rge8 44. Bf3 Kc8 45. Ra1 Kb7 46. Ra6 Rd7
47. Qxg5 Ra8 48. Be2 Rxa6 49. bxa6+ Ka7 50. f6 Qa5 51. Qe3 Qa1+ 52. Kf2 Qb1 53.
Qe8 Rc7 54. Qd8 Qb6 55. Bc4 Qb2+ 56. Be2 Qb6 57. Bb5 c4+ 58. Kf3 Qc5 59. Ke4
Rc8 60. Qe7+ Rc7 61. Bc6 Rxe7+ 62. fxe7 Qf2 63. e8=Q f5+ 64. gxf5 Qxg2+ 65. Kf4
1-0